000 00376nam a2200133Ia 4500
008 220216s9999 xx 000 0 und d
100 _aKrishnakumar A.K.
245 0 _aEnvironmental factors that influence rubber plantation
260 _bInternational Rubber Digest
_c1994
300 _a13-Dec
650 _aEnvironmental stress
650 _aRubber plantation
942 _cBS
999 _c51210
_d51210